Five Countries with the Highest Life Expectancy by Continent - Statistics

General Stats
  • This quiz has been taken 33 times
  • The average score is 21 of 30
Answer Stats
Continent Years Country % Correct
Asia 85.03 Japan
96%
Africa 77.43 Morocco
93%
Africa 77.50 Algeria
86%
North America 82.96 Canada
86%
North America 79.11 United States
86%
South America 80.74 Chile
82%
Oceania 82.80 New Zealand
82%
Oceania 83.94 Australia
79%
Asia 83.50 South Korea
79%
South America 78.43 Uruguay
79%
South America 77.87 Colombia
75%
North America 79.18 Cuba
75%
South America 77.71 Ecuador
75%
South America 77.44 Peru
75%
Europe 83.33 Sweden
75%
Africa 77.36 Tunisia
71%
Europe 84.01 Italy
68%
Asia 84.07 Singapore
68%
Europe 84.25 Switzerland
68%
North America 80.94 Costa Rica
64%
Asia 83.49 Israel
64%
Europe 83.99 Spain
64%
Europe 83.52 Iceland
61%
Oceania 74.08 Micronesia
61%
Oceania 73.75 Samoa
61%
Africa 73.74 Seychelles
57%
Oceania 73.38 Solomon Islands
57%
Africa 75.51 Mauritius
54%
North America 79.64 Barbados
32%
Asia 81.51 Cyprus
32%
No matching quizzes found
Score Distribution
Percent of People with Each Score
Percentile by Number Answered
Your Score History
You have not taken this quiz